States and Territories in WWII - Statistics

General Stats
  • This quiz has been taken 51 times
  • The average score is 6 of 9
Answer Stats
Year Attacked State/Territory % Correct
1942-1943 Alaska
93%
1941-1943 Hawaii
93%
1941-1944 Guam
86%
1942 California
81%
1942 American Samoa
72%
1942,1945 Oregon
67%
1941-1942 Minor Outlying Islands
53%
1944 Northern Mariana Islands
49%
1942 Puerto Rico
33%
No matching quizzes found
Score Distribution
Percent of People with Each Score
Percentile by Number Answered
Your Score History
You have not taken this quiz